General systems theory : a mathematical qpproach

Saved in:
Bibliographic Details
Main Author: Lin, Yi 1959-
Format: Book
Language:English
Published: New York : Kluwer Academic/Plenum Publishers, c1999
Series:IFSR international series on systems science and engineering ; ; 12
Subjects:
Tags: Add Tag
No Tags, Be the first to tag this record!

MARC

LEADER 00000nam a2200000 i 4500
001 1/29900
008 021209s1999 eng d
020 |a 0306459442 
035 |l 10068884 
040 |a GR-MY-UA  |b gre  |e aacr 
041 0 |a eng 
100 1 |a Lin, Yi  |d 1959- 
245 1 0 |a General systems theory :  |b a mathematical qpproach /  |c Yi Lin 
260 |a New York :   |b Kluwer Academic/Plenum Publishers,   |c c1999 
300 |a xiii, 382 p.;  |b ill.;  |c 24 cm. 
490 1 |a International Federation for Systems Research international series on systems science and engineering  |v ; 12 
504 |a Includes bibliographical references and index 
650 0 0 |a System analysis. 
830 0 |a IFSR international series on systems science and engineering ;  |v ; 12 
852 |a INST  |b SAMOS  |e 20021209  |h 003 LIN  |p 005300024271  |q 005300024271  |t BK  |y 0 
901 |a BIBL3-2002-3 
909 |a Σ  |b 103151 
922 |a 3ΕΛΗ  |b 200210  |c ΕΠΕΑΕΚ2/ΤΜΗΜΑ ΜΑΘΗΜΑΤΙΚΩΝ  |d ΠΑΠΑΣΩΤΗΡΙΟΥ & ΕΛΕΥΘΕΡΟΥΔΑΚΗΣ 
950 |a 116-2002-10-02 
970 |a ΚΟΣΙΕΡΗΣ  |b ΧΡΗΣΤΟΣ  |z 2002/12/12